000 00376nam a22001577a 4500
003 OSt
008 250925b |||||||| |||| 00| 0 eng d
020 _a9780486682105
082 _a003.54
_bREI
100 _aREZA,Fazlollah M
245 _aAn Introduction to Information Theory
250 _a1st Ed
260 _aNew Delhi
_bDover
_c1994
300 _a496
942 _2ddc
_cREF
999 _c13741
_d13741